Biblioteca

Apuntes para una educación teológica evangélica desde América Latina (Registro nro. 66946)

Detalles MARC
000 -LÍDER
Campo fijo de descripción fija 01206nab a2200241 c 4500
001 - NÚMERO DE CONTROL
Campo de control 768714001
003 - IDENTIFICADOR DEL NÚMERO DE CONTROL
Campo de control CO-MdFUSB
005 - FECHA Y HORA DE LA ULTIMA TRANSACCIÓN
control field 20230111152938.0
008 - ELEMENTOS DE LONGITUD FIJA -- INFORMACIÓN GENERAL
Campo fijo de descripción fija -- Información general 211009b ck ||||| |||| 00| 0 spa d
022 ## - NÚMERO INTERNACIONAL NORMALIZADO PARA PUBLICACIONES SERIADAS
Número Internacional Normalizado para Publicaciones Seriadas 1014-9341
040 ## - FUENTE DE CATALOGACIÓN
Idioma de catalogación spa
Agencia que realiza la transcripción CO-MdFUSB
Agencia que realiza la modificación CO-MdFUSB
041 ## - CÓDIGO DE IDIOMA
Código de idioma para texto/pista de sonido o título separado spa
100 ## - ASIENTO PRINCIPAL--NOMBRE PERSONAL
Nombre personal Suazo J., David,
Término relacionador autor
245 ## - TÍTULO
Título Apuntes para una educación teológica evangélica desde América Latina
Mención de responsabilidad / David Suazo
300 ## - DESCRIPCIÓN FÍSICA
Extensión Número 36 (Enero - Junio, 2005), páginas 99-108
Dimensiones ; 21 cm
520 ## - NOTA DE RESUMEN, ETC.
Nota de sumario, etc. La educación teológica latinoamericana debe responder a los retos de la globalización pero también hacer aportes a la educación teológica global. Debe tomar en serio el contexto en que los estudiantes ministran y ministrarán, y debe buscar la transformación de la persona, la iglesia y la sociedad.<br/>
650 #0 - ASIENTO SECUNDARIO DE MATERIA - TERMINO TEMÁTICO
9 (RLIN) 984
Término temático o nombre geográfico como elemento de entrada Educación
650 #0 - ASIENTO SECUNDARIO DE MATERIA - TERMINO TEMÁTICO
9 (RLIN) 691
Término temático o nombre geográfico como elemento de entrada Teología bíblica
Subdivisión general Educación.
Subdivisión geográfica América Latina
690 ## - CAMPO LOCAL DE ACCESO TEMÁTICO
Término temático o nombre geográfico como elemento de entrada Protestantismo
773 0# - ASIENTO DE ITEM FUENTE
Biblionumber 49489
Itemnumber 61224
Otro identificador del ítem R2147
Título Kairós
Número de control del registro (CO-MdFUSB)24
Número Internacional Normalizado para Publicaciones Seriadas (ISSN) 1014-9341
Parte(s) relacionada(s) / Volumen., número. (mes año), páginas Número 36 (Enero - Junio, 2005), páginas 99-108
Enumeración y primera página página 99
773 0# - ASIENTO DE ITEM FUENTE
Biblionumber 49489
Itemnumber 81321
Título Kairós
Parte(s) relacionada(s) / Volumen., número. (mes año), páginas Número 36 (Enero - Junio, 2005), páginas 99-108
Enumeración y primera página página 99
942 ## - TIPO DE MATERIAL (KOHA)
Tipo de Item KOHA Artículos de Revista

No hay ítems disponibles.

Biblioteca FUSBC | Teléfono: (57+4) 349 88 10 Ext. 141| WhatsApp (+57) 3005338115 
E-mail: biblioteca@unisbc.edu.co | Calle 76 87-14 Robledo Palenque, Medellín, Colombia

Con tecnología Koha